000 00855nam a2200229Ia 4500
003 GCL
008 140319s9999 xx 000 0 ara d
040 _aGCL /
_cGCL
082 0 4 _a301.2
_bث س
100 1 _aثروت عكاشة
245 1 0 _aالسياسة الثقافية : بيان الدكتور ثروت عكاشة وزير الثقافة امام لجنة الخدمات بمجلس الامه فى 16 يونيو 1969 (هديه من الآديب عبدالفتاح الجمل) /
_cثروت عكاشة
300 _a174
490 _aكتاب
_v0
650 0 4 _aالمسرح
650 0 4 _aالموسيقى
650 0 4 _aالثقافة
650 0 4 _aالثقافة الجماهيرية
650 0 4 _aالعلاقات الثقافية
650 0 4 _aالسينما
650 0 4 _aالانثربولوجيا الثقافية
942 _2ddc
_cBK
999 _c42858
_d42858